[Event "IECG CP.2009.P.00011 email"]
[Site "IECG email"]
[Date "2009.10.01"]
[Round "?"]
[White "Nelson, Anthony"]
[Black "Montroy, Michael"]
[Result "1-0"]
[WhiteElo "1252"]
[BlackElo "1100"]
[PlyCount "35"]
[EventDate "2009.10.01"]
[EventType "tourn (corr)"]
[EventRounds "6"]
[EventCountry "ARG"]
[SourceTitle "Corr 2024"]
[Source "ChessBase"]
[SourceDate "2023.10.19"]
[SourceVersion "1"]
[SourceVersionDate "2023.10.19"]
[SourceQuality "1"]

1. d4 Nf6 2. c4 e6 3. e3 c5 4. Nc3 b6 5. Nf3 Nc6 6. d5 Nb4 7. a3 Na6 8. e4 Nc7 9. e5 Ng4 10. h3 Nh6 11. Bg5 f6 12. exf6 gxf6 13. Ne5 Qe7 14. Qh5+ Kd8 15. d6 Qxd6 16. Bxf6+ Be7 17. Bxh8 Nf5 18. Nf7+ 1-0

[Event "IECG CP.2008.P.00017 email"]
[Site "IECG email"]
[Date "2008.10.01"]
[Round "?"]
[White "Montroy, Michael"]
[Black "Gonzalez, Alejandro Raul"]
[Result "1-0"]
[WhiteElo "1100"]
[BlackElo "1901"]
[PlyCount "49"]
[EventDate "2008.10.01"]
[EventType "tourn (corr)"]
[EventRounds "6"]
[EventCountry "USA"]
[SourceTitle "Corr 2024"]
[Source "ChessBase"]
[SourceDate "2023.10.19"]
[SourceVersion "1"]
[SourceVersionDate "2023.10.19"]
[SourceQuality "1"]

1. e4 c5 2. Nf3 Nc6 3. Qe2 d6 4. Nc3 g6 5. h3 Bg7 6. b3 Nb4 7. Qd1 Nf6 8. a3 Nc6 9. Bd3 d5 10. e5 Nd7 11. Bb2 Ndxe5 12. Nxe5 Bxe5 13. 0-0 0-0 14. Rb1 Bg7 15. Re1 e5 16. f3 Be6 17. Ne2 e4 18. fxe4 Bxb2 19. Rxb2 c4 20. exd5 cxd3 21. dxe6 dxe2 22. Rxe2 Qd4+ 23. Kh2 Qxb2 24. a4 fxe6 25. Rxe6 1-0

[Event "IECG CP.2008.P.00017 email"]
[Site "IECG email"]
[Date "2008.10.01"]
[Round "?"]
[White "Montroy, Michael"]
[Black "Venturas, Bob"]
[Result "1-0"]
[WhiteElo "1100"]
[BlackElo "586"]
[PlyCount "37"]
[EventDate "2008.10.01"]
[EventType "tourn (corr)"]
[EventRounds "6"]
[EventCountry "USA"]
[SourceTitle "Corr 2024"]
[Source "ChessBase"]
[SourceDate "2023.10.19"]
[SourceVersion "1"]
[SourceVersionDate "2023.10.19"]
[SourceQuality "1"]

1. e4 e5 2. Nf3 Nc6 3. Bb5 Qf6 4. Nc3 Nd4 5. a3 c6 6. Bd3 Bc5 7. 0-0 d6 8. h3 Nh6 9. Nxd4 Bxd4 10. Ne2 Qg5 11. Nxd4 Bxh3 12. g3 Bxf1 13. Nf3 Qh5 14. Bxf1 0-0 15. d3 Ng4 16. Be2 Qh3 17. Bf1 Qh5 18. Be2 Qg6 19. Nh4 1-0

[Event "IECG TE.2006.P.02132 email"]
[Site "IECG email"]
[Date "2006.03.17"]
[Round "1"]
[White "Abbey, William"]
[Black "Montroy, Michael"]
[Result "1-0"]
[WhiteElo "1411"]
[BlackElo "1100"]
[PlyCount "37"]
[EventDate "2006.03.17"]
[EventType "tourn (corr)"]
[EventRounds "12"]
[SourceTitle "Corr 2024"]
[Source "ChessBase"]
[SourceDate "2023.10.19"]
[SourceVersion "1"]
[SourceVersionDate "2023.10.19"]
[SourceQuality "1"]

1. e4 c5 2. f4 g6 3. Nf3 Bg7 4. Nc3 Nc6 5. Bb5 Nd4 6. 0-0 a6 7. Bd3 e6 8. b3 Ne7 9. e5 0-0 10. Nxd4 cxd4 11. Ne4 Nd5 12. Ba3 Re8 13. Nd6 Qe7 14. f5 Bxe5 15. Nxf7 Qxa3 16. fxg6 hxg6 17. Nxe5 Rf8 18. Qg4 Nf6 19. Qxg6+ 1-0

[Event "IECG TE.2006.P.02132 email"]
[Site "IECG email"]
[Date "2006.03.17"]
[Round "2"]
[White "Montroy, Michael"]
[Black "Boychuk, Taras"]
[Result "0-1"]
[WhiteElo "1100"]
[BlackElo "2192"]
[PlyCount "60"]
[EventDate "2006.03.17"]
[EventType "tourn (corr)"]
[EventRounds "12"]
[SourceTitle "Corr 2024"]
[Source "ChessBase"]
[SourceDate "2023.10.19"]
[SourceVersion "1"]
[SourceVersionDate "2023.10.19"]
[SourceQuality "1"]

1. e4 c5 2. f4 e6 3. Nf3 Nc6 4. Bd3 d5 5. 0-0 c4 6. exd5 exd5 7. Qe1+ Be7 8. Be2 Nf6 9. a3 0-0 10. d3 cxd3 11. Bxd3 Re8 12. Qh4 Ne4 13. Qh5 g6 14. Qh6 Qb6+ 15. Kh1 Nf2+ 16. Kg1 Nxd3+ 17. Kh1 Nf2+ 18. Kg1 Ng4+ 19. Kh1 Nxh6 20. Nc3 d4 21. Nd5 Qb5 22. Rd1 Qxd5 23. c3 Bg4 24. Rd3 Qe4 25. h3 Qxd3 26. hxg4 Qf1+ 27. Kh2 Nxg4+ 28. Kg3 Qf2+ 29. Kh3 Bd8 30. cxd4 Re2 0-1